Genghis Khan, the emperor of all men / (Record no. 30442)
[ view plain ]
| 000 -LEADER | |
|---|---|
| fixed length control field | 01144cam a2200349 i 4500 |
| 001 - CONTROL NUMBER | |
| control field | 5497862 |
| 003 - CONTROL NUMBER IDENTIFIER | |
| control field | EG-ScBUE |
| 005 - DATE AND TIME OF LATEST TRANSACTION | |
| control field | 20230523114114.0 |
| 008 - FIXED-LENGTH DATA ELEMENTS--GENERAL INFORMATION | |
| fixed length control field | 810609s1927 nyuabf f b 001 0beng d |
| 035 ## - SYSTEM CONTROL NUMBER | |
| System control number | (OCoLC)ocn687280355 |
| 035 ## - SYSTEM CONTROL NUMBER | |
| System control number | 5497862 |
| 040 ## - CATALOGING SOURCE | |
| Original cataloging agency | DLC |
| Language of cataloging | eng |
| Description conventions | rda |
| Transcribing agency | MBE |
| Modifying agency | OCL |
| -- | BUF |
| -- | CDL |
| -- | VFY |
| -- | OCL |
| -- | YUS |
| -- | EG-ScBUE |
| 043 ## - GEOGRAPHIC AREA CODE | |
| Geographic area code | a------ |
| -- | a-mp--- |
| 082 04 - DEWEY DECIMAL CLASSIFICATION NUMBER | |
| Edition number | 22 |
| Classification number | 923.15 |
| Item number | LAM |
| 100 1# - MAIN ENTRY--PERSONAL NAME | |
| Personal name | Lamb, Harold, |
| Dates associated with a name | 1892-1962, |
| Relator term | author. |
| 245 10 - TITLE STATEMENT | |
| Title | Genghis Khan, the emperor of all men / |
| Statement of responsibility, etc | by Harold Lamb. |
| 250 ## - EDITION STATEMENT | |
| Edition statement | Seventh impression. |
| 264 #1 - PUBLICATION, DISTRIBUTION, ETC. (IMPRINT) | |
| Place of publication, distribution, etc | London : |
| Name of publisher, distributor, etc | Eyre and Spottiswoode, |
| Date of publication, distribution, etc | [1927] |
| 300 ## - PHYSICAL DESCRIPTION | |
| Extent | 270 p., [16] leaves of plates (some double) : |
| Other physical details | illustrations, maps ; |
| Dimensions | 23 cm |
| 336 ## - CONTENT TYPE | |
| Source | rdacontent |
| Content type term | text |
| Content type code | txt |
| 337 ## - MEDIA TYPE | |
| Source | rdamedia |
| Media type term | unmediated |
| Media type code | n |
| 338 ## - CARRIER TYPE | |
| Source | rdacarrier |
| Carrier type term | volume |
| Carrier type code | nc |
| 504 ## - BIBLIOGRAPHY, ETC. NOTE | |
| Bibliography, etc | Includes bibliographical references and index.<br/> |
| 600 07 - SUBJECT ADDED ENTRY--PERSONAL NAME | |
| Personal name | Genghis Khan, |
| Dates associated with a name | 1162-1227. |
| Source of heading or term | BUEsh |
| 650 #7 - SUBJECT ADDED ENTRY--TOPICAL TERM | |
| Topical term or geographic name as entry element | Mongols |
| General subdivision | History. |
| Source of heading or term | BUEsh |
| 650 #7 - SUBJECT ADDED ENTRY--TOPICAL TERM | |
| Topical term or geographic name as entry element | Mongols |
| General subdivision | Kings and rulers |
| Form subdivision | Biography. |
| Source of heading or term | BUEsh |
| 653 ## - INDEX TERM--UNCONTROLLED | |
| Resource For college | Generalities |
| 655 ## - INDEX TERM--GENRE/FORM | |
| Form subdivision | Reading book |
| 942 ## - ADDED ENTRY ELEMENTS (KOHA) | |
| Source of classification or shelving scheme | Dewey Decimal Classification |
| Koha item type | Book - Borrowing |
| 947 ## - LOCAL PROCESSING INFORMATION (OCLC) | |
| a | PBG8364 |
| 948 ## - LOCAL PROCESSING INFORMATION (OCLC); SERIES PART DESIGNATOR (RLIN) | |
| Series part designator, SPT (RLIN) | OCLC RECON |
| Withdrawn status | Lost status | Source of classification or shelving scheme | Damaged status | Not for loan | Collection code | Home library | Current library | Shelving location | Date acquired | Source of acquisition | Total Checkouts | Full call number | Barcode | Date last seen | Price effective from | Koha item type |
|---|---|---|---|---|---|---|---|---|---|---|---|---|---|---|---|---|
| Dewey Decimal Classification | Donation-Gift | Central Library | Central Library | Second Floor | 23/05/2023 | Donation | 923.15 LAM | 000056730 | 15/07/2025 | 23/05/2023 | Book - Borrowing |